000 00500nam a2200181Ia 4500
003 LK-CoDNM
005 20240726130130.0
008 010623t1941 xxu||||| |||| 00| 1 eng d
040 _aLK-CoDNM
_dLK-CoDNM
_eLK-CoDNM
041 _aeng
080 _a14
_bDD43.2
100 _aVira,Raghu.
245 _aThe Buddha and the Bodhisattva in Indian Sculpture
260 _bThe International Academy of Indian Culture
_aIndia
_c1941
300 _b75p. ; 36 cm
700 _aYamamoto,Chikyo.
942 _cBK
999 _c99815
_d99815